zpět

Detail výsledku týmu

Bounty Rock Cafe, Olomouc

Datum a čas kvízu

25 Celkem bodů Celkový počet nahraných bodů na tomto kvízu bez doplňovacích otázek.
10. Pořadí na kvízu Konečné umístění týmu na tomto kvízu.

Zaznamenané odpovědi

# Otázka Odpověď Body Výsledky
1. Pro záslužný čin se rozhodlo v... z Běloruska 1
2. Jak se jmenuje stát na severov... Súdán 1
3. Která moderátorka zábavné sout... Tereza Kostková 1
4. Další z diskontních řetězců pů... Penny Market 0
5. Polský fotbalový klub z nižší... B 0
6. Pojďme se společně chvíli troc... Vilém 1
7. I v nevinně vypadajících hračk... Annabelle 1
8. Máloco člověku způsobilo takov... A) Overlook 0
9. Dokážete správně přiřadit tyto... 1B 2C 3D 4A 0
10. Bílá paní je nejen nadpřirozen... gin 0